000 00306nam a2200133Ia 4500
008 231017s9999 xx 000 0 und d
082 _a388.322
082 _bTRB
245 0 _aTCRP Report 118: Bus Rapid Transit Practitioners Guide
245 0 _cTRB
260 _bTRB
300 _c30cm
942 _cREP
999 _c604464
_d604464